Name the 2023-24 Knicks Roster - Statistics

General Stats
  • This quiz has been taken 34 times
  • The average score is 10 of 18
Answer Stats
Position Name College % Correct
SF Josh Hart Villanova
100%
C Isaiah Hartenstein Germany
96%
PG Jalen Brunson Villanova
96%
SG Donte Divincenzo Villanova
88%
PF Julius Randle Kentucky
88%
C Mitchell Robinson Western Kentucky
77%
PG Miles McBride West Virginia
73%
SF OG Anunoby Indiana
69%
SF Bojan Bogdanovic Croatia
58%
C Jericho Sims Texas
58%
PF Precious Achiuwa Memphis
54%
SG Alec Burks Colorado
46%
SF Jacob Toppin Kentucky
31%
SG Charlie Brown Saint Joseph's
15%
SG Shake Milton SMU
12%
SG DaQuan Jeffries Tulsa
8%
SG Duane Washington Ohio State
8%
PF Mamadi Diakite Virginia
4%
No matching quizzes found
Score Distribution
Percent of People with Each Score
Percentile by Number Answered
Your Score History
You have not taken this quiz